Η ιταλική Disney και οι δημιουργοί της
Το θέμα της εργασίας είναι “Η Ιταλική Disney και οι δημιουργοί της”. Ο στόχος της είναι η ανάλυση της ιστορίας της Ιταλικής Disney, να δείξει τα έργα των διάφορων καλλιτεχνών και να μας δώσει πληροφορίες για τους ίδιους, όπως τα σημνατικότερα έργα τους και την πορεία της καριέρας τους. Ακόμη στόχος...
Αποθηκεύτηκε σε:
| Κύριος συγγραφέας: | |
|---|---|
| Συγγραφή απο Οργανισμό/Αρχή: | |
| Άλλοι συγγραφείς: | |
| Μορφή: | Thesis Βιβλίο |
| Γλώσσα: | Greek |
| Δημοσίευση: |
2016.
|
| Θέματα: | |
| Διαθέσιμο Online: | http://hdl.handle.net/11610/18639 |
| Ετικέτες: |
Προσθήκη ετικέτας
Δεν υπάρχουν, Καταχωρήστε ετικέτα πρώτοι!
|
MARC
| LEADER | 00000cam a2200000 a 4500 | ||
|---|---|---|---|
| 001 | 1/115888 | ||
| 008 | 180212s2016####gr | ||| |||| ||gre|| | ||
| 040 | |a GR-MyUa |b gre |c GR-MyUa |e AACR2 | ||
| 041 | 0 | |a gre | |
| 082 | 7 | |a 741.5945 |2 (23) | |
| 100 | 1 | |a Πιστοφίδου, Ελένη. | |
| 245 | 1 | 2 | |a Η ιταλική Disney και οι δημιουργοί της / |c Ελένη Πιστοφίδου ; υπεύθυνη καθηγήτρια: Σαμπανίκου Ευαγγελία. |
| 260 | |c 2016. | ||
| 300 | |a [53 σ.] ; |c 30 εκ. | ||
| 502 | # | # | |a Πτυχιακή εργασία – Πανεπιστήμιο Αιγαίου, Λέσβος, 2016. |
| 504 | |a Περιλαμβάνει βιβλιοραφία. | ||
| 506 | 1 | |a Ηλεκτρονική διάθεση στο πλήρες κείμενο - περιορισμένης πρόσβασης ; |d Ελεύθερη διάθεση μόνο στα μέλη του Πανεπιστημίου Αιγαίου. | |
| 520 | 8 | |a Το θέμα της εργασίας είναι “Η Ιταλική Disney και οι δημιουργοί της”. Ο στόχος της είναι η ανάλυση της ιστορίας της Ιταλικής Disney, να δείξει τα έργα των διάφορων καλλιτεχνών και να μας δώσει πληροφορίες για τους ίδιους, όπως τα σημνατικότερα έργα τους και την πορεία της καριέρας τους. Ακόμη στόχος της εργασίας είναι να μας φανερώσει όλη την μαγεία που κρύβεται μέσα σε κάθε ιστορία, από την δημιουργία της, μέχρι τα μηνύματα που περνάει. Στην εισαγωγή παρουσιάζεται εν συντομία το σύνολο των όψεων του θέματος. Στο κύριο μέρος της εργασίας, ασχολούμαστε αρχικά με την προϊστορία της Disney, πως ξεκίνησε, δηλαδή, από την Αμερική και στη συνέχεια πραγματευόμαστε την άφιξη της εταιρείας στην Ιταλία, ώστε να δημιουργηθεί, τελικά, η Ιταλική σχολή. Στη συνέχεια, γνωρίζουμε τους καλλιτέχνες, την ιστορία τους, την καρίερα τους, τις τεχνικές τους, τα σημαντικότερα έργα τους και τι πρόσφεραν (ή προσφέρουν) στον κόσμο της Disney και στο αναγνωστικό κοινό. Μερικοί από τους σημαντικότερους καλλιτέχνες που θα δούμε είναι ο Guido Martina, ο Romano Scarpa, ο Gottfredson, ο Rodolfo Cimino, ο Carlo Chendi, ο Giorgio Pezzin, ο Pier Lorenzo De Vita, ο Carl Barks και η Silvia Ziche. Με αφορμή την τελευταία, αναλύουμε, επίσης, την πορεία του χαρακτήρα του Φάντομ Ντάκ, καθώς και του περιοδικού του. Τα συμπεράσματα της εργασίας κατατίθενται στο τέλος μαζί με έναν επίλογο για το θέμα και ακολουθεί η βιβλιογραφία, με όλες τις πηγές, έτσι ώστε να μπορεί ο καθένας να βρει επιπλέον πληροφορίες. | |
| 610 | 2 | 0 | |a Walt Disney Company. |
| 650 | 0 | |a Comic books, strips, etc. |x History and criticism. | |
| 650 | 0 | |a Comic books, strips, etc. |z Italy |x History and criticism. | |
| 700 | 1 | |a Σαμπανίκου, Εύη Δημ., |d 1965- |e dgsf | |
| 710 | 2 | |a Πανεπιστήμιο Αιγαίου. |b Σχολή Κοινωνικών Επιστημών. |b Τμήμα Πολιτισμικής Τεχνολογίας και Επικοινωνίας. | |
| 852 | |a INST |b LESVOS |c DIATR |e 20180212 |h 339 |p 005100060926 |q 005100060926 |t DIE |y 23 | ||
| 856 | |u http://hdl.handle.net/11610/18639 | ||
| 924 | |a Πιστοφίδου |b Ελένη |y Λέσβος |z 2016-12 | ||
| 970 | |a Τζαφέρη |b Ευαγγελία |z 12-02-2018 | ||